01542nam a22001817a 4500008004100000020001800041050001600059100002700075245010500102260016000207300001800367490003200385500008900417504005400506505072600560650003901286650003501325180522s2011 ag |||| |||| 001 0 spa d a9789508923752 4aRA418 bC371 aCastro, Robertoeautor10aTeoría social y saludc/ Roberto Castro, edición y corrección de textos: Juan Carlos Cicolella3 aBuenos Aires, Argentinab: Lugar editorialbUniversidad Nacional Autonoma de MéxicobCentro Regional deInvestigaciones Multidisciplinarias (CRIM)c, 2011 a197 páginas0 aColección Salud Colectiva aIncluye índice de autores (pp. 187-192) Incluye índice de materias (pp. 193-197) aIncluye refrencias bibliográficas (pp. 165-186)0 aCiencias sociales y salud en México: movimientos fundacionales y desarrollos actuales Los determinantes sociales de la salud-enfermedad. Tres aproximaciones al tema para una epidemiología sociocultural reflexiva Interaccionismo simbólico y salud, supuestos metateóricos y consecuencias empíricas La mirada de la fenomenología sociológica en salud Navarro y la medicina social latinoamericana a mediados de la decada de los ochenta Habitus profesional y ciudadanía: hacia un estudio sociológico sobre los conflictos entre el campo médico y los derechos en salud reproductiva en México Dificultades en la integración entre métodos cualitativos y cuantitativos en la investigación social en salud14aSALUD PÚBLICAxASPECTOS SOCIALES24aSOCIOLOGÍA xSALUD PÚBLICA